banner-ar

النوادر فى الأدب الشعبى: بحث مقدم لنيل درجة الدكتوراة فى الادب الشعب / (Record no. 42760)

MARC details
000 -الفاتح
حقل البيانات ثابتة الطول 00708nam a2200205Ia 4500
008 - عناصر البيانات ثابتة الطول - معلومات عامة
حقل البيانات ثابتة الطول 140319s9999 xx 000 0 ara d
040 ## - مصدر الفهرسة
وكالة الفهرسة الأصلية GCL /
وكالة النسخ GCL
082 04 - رقم تصنيف ديوى العشرى
رقم التصنيف 398.2
رقم المادة أ ن
100 1# - المدخل الرئيسى - إسم شخصى
الإسم الشخصى عبدالحميد يونس
245 10 - بيان العنوان
العنوان النوادر فى الأدب الشعبى: بحث مقدم لنيل درجة الدكتوراة فى الادب الشعب /
بيان المسئوليه,etc عبدالحميد يونس
700 1# - المدخل الاضافى - اسم شخصى
الإسم الشخصى ابراهيم احمد العزب شعلان
300 ## - الوصف المادى
التعداد 473
490 ## - بيان السلسلة
عنوان السلسلة كتاب
رقم المجلد/ التعيين التسلسلي 0
650 04 - المدخل الاضافى بالموضوع-مصطلح موضوعى
مصطلح موضوعي الادب الشعبى
650 04 - المدخل الاضافى بالموضوع-مصطلح موضوعى
مصطلح موضوعي جامعة القاهرة
650 04 - المدخل الاضافى بالموضوع-مصطلح موضوعى
مصطلح موضوعي الرسائل الجامعية
650 04 - المدخل الاضافى بالموضوع-مصطلح موضوعى
مصطلح موضوعي النوادر الشعبية
942 ## - عناصر المدخل الإضافي( كوها)
مصدر التصنيف او مخطط الترفيف Dewey Decimal Classification
Koha [default] item type كتاب
Holdings
حالة التراجع حالة الفقد حالة تلف ليس للاعارة المكان المؤقت الموقع الحالى تاريخ الاكتساب اجمالي اﻻعارات رقم الطلب الباركود تاريخ اخر مشاهدة تاريخ تفعيل السعر نوع وعاء كوها
        مكتبة القاهرة الكبرى مكتبة القاهرة الكبرى 03/26/2014   398.2\أ ن 103317 03/26/2014 03/26/2014 كتاب

Powered By

EGPV